Ernestina la gallina / (Record no. 200978)

MARC details
000 -CABECERA
campo de control de longitud fija 00672nam a2200217 u 4500
005 - FECHA Y HORA DE LA ÚLTIMA TRANSACCIÓN
campo de control 20220818063545.0
008 - ELEMENTOS DE LONGITUD FIJA--INFORMACIÓN GENERAL
campo de control de longitud fija 190207s2010 es r 000 0 spa d
020 ## - NÚMERO INTERNACIONAL NORMALIZADO PARA LIBROS
Número Internacional Estándar del Libro 9786074002645
035 ## - NÚMERO DE CONTROL DEL SISTEMA
Número de control de sistema UPN01000228883
049 ## - COLECCIÓN
Colección I
050 #4 - SIGNATURA TOPOGRÁFICA DE LA BIBLIOTECA DEL CONGRESO
Número de clasificación PZ78
Número de documento/Ítem R4.37
100 1# - ASIENTO PRINCIPAL--NOMBRE PERSONAL
Nombre de persona Reyes, Yolanda,
Fechas asociadas al nombre 1959-
9 (RLIN) 31971
245 10 - MENCIÓN DE TÍTULO
Título Ernestina la gallina /
Mención de responsabilidad, etc. Yolanda Reyes, Aitana Carrasco.
260 ## - PUBLICACIÓN, DISTRIBUCIÓN, ETC.
Lugar de publicación, distribución, etc. México :
Nombre del editor, distribuidor, etc. Océano :
-- Travesía,
Fecha de publicación, distribución, etc. c2010.
300 ## - DESCRIPCIÓN FÍSICA
Extensión [26] p. :
Otras características físicas principalmente il. col.
650 #0 - ASIENTO SECUNDARIO DE MATERIA - TERMINO TEMATICO
Término de materia o nombre geográfico como elemento de entrada Cuentos infantiles colombianos
9 (RLIN) 4407
650 #4 - ASIENTO SECUNDARIO DE MATERIA - TERMINO TEMATICO
Término de materia o nombre geográfico como elemento de entrada GALLINAS -
Subdivisión de forma CUENTOS Y LEYENDAS
9 (RLIN) 27875
700 1# - ASIENTO SECUNDARIO--NOMBRE DE PERSONAL
Nombre de persona Carrasco, Aitana,
Término indicativo de función/relación coaut.
905 ## - TIPO DE MATERIAL
Tipo de material Infantil
Holdings
Estado de retiro Estado de pérdida Fuente del sistema de clasificación o colocación Estado dañado No para préstamo Código de colección Localización permanente Ubicación/localización actual Ubicación en estantería Fecha de adquisición Clasificación Código de barras Fecha visto por última vez Número de copia Tipo de ítem Koha
    Library of Congress Classification     Infantil Bib. Gregorio Torres Quintero Bib. Gregorio Torres Quintero Sala infantil Planta baja 10/05/2023 PZ78 R4.37 326417 31/12/2020 1 Libro